The Pleasures of philosophy: (Record no. 588683)
[ view plain ]
| 000 -LEADER | |
|---|---|
| fixed length control field | 00679nam a22002417a 4500 |
| 003 - CONTROL NUMBER IDENTIFIER | |
| control field | NUST |
| 005 - DATE AND TIME OF LATEST TRANSACTION | |
| control field | 20220308121758.0 |
| 008 - FIXED-LENGTH DATA ELEMENTS--GENERAL INFORMATION | |
| fixed length control field | 220308b ||||| |||| 00| 0 eng d |
| 020 ## - INTERNATIONAL STANDARD BOOK NUMBER | |
| International Standard Book Number | 0671581104(pbk) |
| 022 ## - INTERNATIONAL STANDARD SERIAL NUMBER | |
| Source | 978-0671581107 |
| 038 ## - RECORD CONTENT LICENSOR | |
| Staff Name | SAIF |
| 082 ## - DEWEY DECIMAL CLASSIFICATION NUMBER | |
| Classification number | 100 |
| Author Mark | DUR |
| 100 ## - MAIN ENTRY--PERSONAL NAME | |
| Personal name | Durant, Will. |
| 9 (RLIN) | 90484 |
| 245 ## - TITLE STATEMENT | |
| Title | The Pleasures of philosophy: |
| Remainder of title | An attempt at consistent philosophy of life |
| 260 ## - PUBLICATION, DISTRIBUTION, ETC. | |
| Place of publication, distribution, etc. | New York: |
| Name of publisher, distributor, etc. | Simon and Schuster, |
| Date of publication, distribution, etc. | 1981. |
| 300 ## - PHYSICAL DESCRIPTION | |
| Extent | 446p. |
| 526 ## - STUDY PROGRAM INFORMATION NOTE | |
| Program name | 0 |
| Interest level | 0 |
| Reading level | 0 |
| Title point value | 128_000000000000000_DUR |
| 563 ## - BINDING INFORMATION | |
| Binding note | H.B |
| 650 ## - SUBJECT ADDED ENTRY--TOPICAL TERM | |
| Topical term or geographic name entry element | Man (Theology). |
| 9 (RLIN) | 90485 |
| 650 ## - SUBJECT ADDED ENTRY--TOPICAL TERM | |
| Topical term or geographic name entry element | SCEE |
| 9 (RLIN) | 90486 |
| 650 ## - SUBJECT ADDED ENTRY--TOPICAL TERM | |
| Topical term or geographic name entry element | Philosophical Anthropology. |
| 9 (RLIN) | 90487 |
| 942 ## - ADDED ENTRY ELEMENTS (KOHA) | |
| Source of classification or shelving scheme | |
| Koha item type | Book |
| Withdrawn status | Lost status | Source of classification or shelving scheme | Damaged status | Not for loan | Permanent Location | Current Location | Date acquired | Total Checkouts | Full call number | Barcode | Date last seen | Price effective from | Koha item type |
|---|---|---|---|---|---|---|---|---|---|---|---|---|---|
| School of Civil and Environmental Engineering (SCEE) | School of Civil and Environmental Engineering (SCEE) | 03/08/2022 | 100 DUR | NIT-13545 | 03/08/2022 | 03/08/2022 | Book |
